000
00297nam a2200109Ia 4500
008
220204s9999 xx 000 0 und d
082
_a
504.3.054
_b
INC
245
0
_a
India: Greenhouse Gas Emissions 2007
260
_a
India
_b
Ministry of Environment and Forests
_c
2010
300
_a
64p.
942
_c
BK
999
_c
44836
_d
44836